| Tag |
First Indicator |
Second Indicator |
Subfields |
| LEADER |
00000cas a2200000 a 4500 |
| 001 |
in00002451721 |
| 005 |
20151110060917.0 |
| 008 |
080915d20082009nz ar oo 0 0eng c |
| 010 |
|
|
|a 2011247762
|
| 016 |
7 |
|
|a 2452926-6
|2 DE-600
|
| 016 |
7 |
|
|a 990534642
|2 DE-101
|
| 019 |
|
|
|a 405713242
|a 664150029
|
| 022 |
|
|
|a 1178-220X
|
| 024 |
8 |
|
|a eb66485574
|
| 029 |
1 |
|
|a HEBIS
|b 204489687
|
| 029 |
1 |
|
|a AU@
|b 000045729556
|
| 029 |
1 |
|
|a NZ1
|b 13402238
|
| 029 |
1 |
|
|a NLGGC
|b 32993547X
|
| 029 |
1 |
|
|a AU@
|b 000044341973
|
| 029 |
1 |
|
|a AU@
|b 000045551541
|
| 029 |
1 |
|
|a GEBAY
|b 10825258
|
| 029 |
1 |
|
|a DEBBG
|b BV035066640
|
| 029 |
1 |
|
|a GWDNB
|b 990534642
|
| 035 |
|
|
|a (OCoLC)ocn250593258
|
| 035 |
|
|
|a (OCoLC)250593258
|z (OCoLC)405713242
|z (OCoLC)664150029
|
| 040 |
|
|
|a SNM
|b eng
|c SNM
|d HEBIS
|d NZWTU
|d AU@
|d DEBBG
|d GWDNB
|d PFM
|d OCLCQ
|d NHM
|d CUS
|d UtOrBLW
|
| 042 |
|
|
|a pcc
|
| 049 |
|
|
|a TXAM
|
| 050 |
1 |
4 |
|a RJ1
|b .C45 Electronic
|
| 082 |
0 |
4 |
|a 618.92005
|2 22
|
| 084 |
|
|
|a 610
|a 800
|2 zdbs
|
| 210 |
1 |
|
|a Clin. med., Pediatr.
|
| 222 |
|
0 |
|a Clinical medicine. Pediatrics
|
| 245 |
0 |
0 |
|a Clinical medicine.
|p Pediatrics.
|
| 246 |
1 |
|
|a Pediatrics
|
| 264 |
|
1 |
|a Auckland, N.Z. :
|b Libertas Academica.
|
| 336 |
|
|
|a text
|b txt
|2 rdacontent
|
| 337 |
|
|
|a computer
|b c
|2 rdamedia
|
| 338 |
|
|
|a online resource
|b cr
|2 rdacarrier
|
| 362 |
1 |
|
|a Began with: 2008:1; ceased with: 2009:2.
|
| 515 |
|
|
|a Articles added irregularlly during the year and collected into annual issues.
|
| 588 |
|
|
|a Description based on: 2008:1; title from journal home page (publisher's Web site, viewed May 20, 2011).
|
| 588 |
|
|
|a Latest issue consulted: 2009:2 (viewed May 20, 2011).
|
| 500 |
|
|
|a Electronc resource.
|
| 650 |
|
0 |
|a Pediatrics
|v Periodicals.
|
| 650 |
|
2 |
|a Pediatrics
|v Periodicals.
|
| 785 |
0 |
0 |
|t Clinical medicine insights. Pediatrics
|x 1179-5565
|w (DLC) 2011247763
|w (OCoLC)660070060
|
| 949 |
|
|
|a updated
|b h
|c 2012/7/24
|e spoltoratski
|f 1:14:15 pm
|g sc DOAJ title
|
| 994 |
|
|
|a C0
|b TXA
|
| 999 |
|
|
|a MARS
|
| 999 |
f |
f |
|s 35f18283-fb00-3c7d-82bf-4361ddad1468
|i 0faf306f-4d90-3505-a3db-baaf530efacb
|t 0
|
| 952 |
f |
f |
|a Texas A&M University
|b College Station
|c Electronic Resources
|d Available Online
|t 0
|e RJ1 .C45
|g Electronic
|h Library of Congress classification
|
| 998 |
f |
f |
|a RJ1 .C45
|t 0
|l Available Online
|